000 00302nam a2200109Ia 4500
008 200302s9999 xx 000 0 und d
100 _aTom Cardamone
245 _aMechanical Color Separation Skills for the Commercial Artist
260 _bVan Nostrand Renhold Company
260 _c1980
300 _a128 P.,
999 _c101
_d101